000 00598nam a22002297a 4500
003 UA-OsUOA
001 70122
007 ta
008 20100830b un ||||| |||| 00| 0 ukr d
100 _aДайчес Д.
090 _a82.09:929
_bД94
942 _cBK
040 _aUA-OsUOA
_brus
_cUA-OsUOA
_dUA-OsUOA
245 _aСэр Вальтер Скотт и его мир
300 _a175 с.
955 _a4
041 _arus
080 _a82.09:929
260 _aМ.
_bРадуга
_c1987
650 7 _a82 Література. Літературознавство
_2UDC
999 _c356355
_d356355